Political Leaders who were Assassinated - Statistics

General Stats
  • This quiz has been taken 219 times
  • The average score is 5 of 10
Answer Stats
Hint Answer % Correct
35th President of the USA; youngest man elected president John F. Kennedy
95%
16th President of the USA; ended slavery within country's boundries Abraham Lincoln
93%
African-American Civil Rights leader Martin Luther King, Jr.
92%
3rd Prime Minister of India; that country's first woman prime minister Indira Gandhi
84%
Indian political activist and spiritual leader; known as Mahatma Mohandas Gandhi
84%
11th Prime Minister of Pakistan; first woman elected to a Muslim state Benazir Bhutto
56%
Prime Minister of Lebanon and busines tycoon Rafic Hariri
10%
First Prime Minister of Pakistan; right-hand man of Muhammad Al Jinnah Llaquat All Khan
6%
Father of Canadian Confederation; that country's only victim of political assassination Thomas D'Arcy McGee
3%
King of Saudi Arabia 1964-75 King Faisal
2%
No matching quizzes found
Score Distribution
Percent of People with Each Score
Percentile by Number Answered
Your Score History
You have not taken this quiz